Clinico-Etiological Profile of Infections in Admitted Children with Complicated Severe Acute Malnutrition. (Record no. 1851856)
[ view plain ]
| 000 -LEADER | |
|---|---|
| fixed length control field | 00897nam a2200349Ia 4500 |
| 005 - DATE AND TIME OF LATEST TRANSACTION | |
| control field | 20260514124423.0 |
| 008 - FIXED-LENGTH DATA ELEMENTS--GENERAL INFORMATION | |
| fixed length control field | 008 261405s9999 xx 000 0 eng d |
| 037 ## - | |
| -- | Thesis |
| 040 ## - CATALOGING SOURCE | |
| -- | CRL |
| 040 ## - CATALOGING SOURCE | |
| Language of cataloging | eng |
| 040 ## - CATALOGING SOURCE | |
| Transcribing agency | CRL |
| 041 ## - LANGUAGE CODE | |
| Language code of text | eng |
| 084 ## - COLON CLASSIFICATION NUMBER | |
| -- | CRL |
| 100 ## - MAIN ENTRY--PERSONAL NAME | |
| Student/researcher name | Dr.Chennakeshava T |
| 245 #0 - TITLE STATEMENT | |
| Title | Clinico-Etiological Profile of Infections in Admitted Children with Complicated Severe Acute Malnutrition. |
| 260 ## - PUBLICATION, DISTRIBUTION, ETC. | |
| Place of publication, distribution, etc. | Delhi |
| 260 ## - PUBLICATION, DISTRIBUTION, ETC. | |
| Name of publisher, distributor, etc. | University of Delhi |
| 260 ## - PUBLICATION, DISTRIBUTION, ETC. | |
| Date of publication, distribution, etc. | 2016 |
| 300 ## - PHYSICAL DESCRIPTION | |
| Extent | 94p. |
| 502 ## - Thesis Note | |
| Degree type | Ph.D. |
| 502 ## - Thesis Note | |
| Name of granting institution | University of Delhi |
| 502 ## - Thesis Note | |
| Year degree granted | 2016 |
| 650 ## - SUBJECT ADDED ENTRY--TOPICAL TERM | |
| LCSH or local subjects | Pediatrics |
| 700 ## - ADDED ENTRY--PERSONAL NAME | |
| Supervisor / Guide name | Dr.Praveen Kumar |
| 700 ## - ADDED ENTRY--PERSONAL NAME | |
| Supervisor / Guide name | Dr.Srikanta Basu, |
| 700 ## - ADDED ENTRY--PERSONAL NAME | |
| Supervisor / Guide name | Dr.V.S.Randhawa |
| 942 ## - ADDED ENTRY ELEMENTS (KOHA) | |
| Koha item type | Thesis |
| 100 ## - MAIN ENTRY--PERSONAL NAME | |
| -- | 1239943 |
| 541 ## - IMMEDIATE SOURCE OF ACQUISITION NOTE | |
| -- | Thesis |
| 650 ## - SUBJECT ADDED ENTRY--TOPICAL TERM | |
| -- | 1239905 |
| 700 ## - ADDED ENTRY--PERSONAL NAME | |
| -- | 1239404 |
| 700 ## - ADDED ENTRY--PERSONAL NAME | |
| -- | 1239942 |
| 700 ## - ADDED ENTRY--PERSONAL NAME | |
| -- | 1239944 |
| 999 ## - | |
| -- | 1851856 |
| -- | 1851856 |
| Withdrawn status | Lost status | Not for loan | Home library | Current library | Date acquired | Accession Number | Koha item type |
|---|---|---|---|---|---|---|---|
| Central Library | Central Library | 2026-05-14 | TH0027972 | Thesis |
